000 00657nam a2200241 i 4500
001 C2-0105688
003 PPAK
005 20180727101602.0
008 970610s1991 io |||| ||||| | may d
020 _a9795110497
040 _aPPAK
_beng
_cPPAK
_erda
082 0 4 _a823
_223
090 0 0 _a823
_bCOL
_dG
100 1 _aCollins, Jackie,
_eauthor
245 1 0 _aSuami-suami Hollywood 2
264 1 _aJakarta, Indonesia :
_bGramedia ,
_c1991
300 _a500 pages ;
_c18 cm
336 _2rdacontent
_atext
337 _2rdamedia
_aunmediated
338 _2rdacarrier
_avolume
650 1 0 _aEnglish Fiction - Translation into Indonesian
942 _ddc
_cB
999 _c25569
_d25569